แสดงรายละเอียดบรรณานุกรม
  กลับหน้าหลัก

Brief Record : Get Marc (ISO 2709) : E-mail record : QR code ปิดหน้าต่าง
LEADER 00000nam 2200000uu 4500
001    210936
003     ULIBM
008    020711s2557 th a 000 0 tha d
041    ^atha
060  4 วพ WY20 ศ174ย 2557
100    ศรินทิพย์ ตันติสุนทรสกุล
245    รายงานวิทยานิพนธ์เรื่อง ยุทธศาสตร์สำหรับวิทยาลัยพยาบาลในสังกัดสถาบันพระบรมราชชนก เพื่อรับรองประชาคมอาเซียน/^cศรินทิพย์ ตันติสุนทรสกุล
260    กรุงเทพฯ :^bมหาวิทยาลัยรามคำแหง,^c2557
300    373 หน้า :^bภาพประกอบ ;^c30 ซม.
650  4 การพยาบาล
650  4 ^aพยาบาล^xการบริหาร
650  4 ^aกลุ่มประเทศอาเซียน^xการพยาบาล^zไทย
710 2  ^aมหาวิทยาลัยรามคำแหง
999    ^aใช้งานได้ทุกระบบ
รายการนี้ยังไม่มีแท็ก
คุณยังไม่ได้ล็อกอิน คุณสามารถมีกิจกรรมร่วมกับเว็บไซต์ได้ แต่ต้องล็อกอินก่อน ::
  ล็อกอิน
ลำดับที่ ประเภท เลขเรียก สถานที่ สถานะ
1. วิทยานิพนธ์
วิทยานิพนธ์
วพ WY20 ศ174ย 2557  
  
ชั้นหนังสือวิทยานิพนธ์ On Shelf
  ขอยืม
   [แสดง 1/1 รายการ]

รายการใกล้เคียง
    ผู้แต่ง [ศรินทิพย์ ตันติสุนทรสกุล]

    หัวเรื่อง [การพยาบาล]
    หัวเรื่อง [พยาบาล การบริหาร]

BibComment


ยังไม่เคยถูกคอมเมนท์

คอมเมนท์ทรัพยากรรายการนี้
  คอมเมนท์: รายงานวิทยานิพนธ์..
Bib 210936

 
 
 

 Union Library Management : ULibM
Copyright 2026. All Rights Reserved.
скачать бесплатно без регистрации порно красивый секс HD Sex Hindi sex

xxx gou

xxxx

bfxxx

xxxwww

Секса Видео

xxxx

Секса Видео

detube

geilexxx

C99 Shell

worms shell

blod xxx video
Ebony Coed Rihanna Rimes Takes A Dick In Her Young Twat priyaa indian fuck anal and pusssy hardcore indian women xxx desi hardcore fucking part 1 bengalixxxcouple